00520nam a2200169Ia 4500001001300000003001000013008004100023040002500064041000700089100002100096245003000117250001100147260006400158300001500222500009800237650001500335b5077-33367 IT-MiCISF161014s9999||||xx |||||||||||||| ||und|| aIT-MiCISFcIT-MiCISF ait aWallace Patricia 0aLa psicologia di Internet a1a ed. a MilanobRaffaello Cortinac2000 [Edizione originale: 1999] app. X, 367 a / nuovi-media, società€, rapporti-interpersonali, psicologia, pornografia, solidarietà€ /  amass-media